00000000nam 2200000zi 4500
0019.939170
003CaOODSP
00520241105151259
006m     o  d f      
007cr cn|||||||||
008240610t20242024qucabd  ob   f000 0 fre d
020 |a9780660722894
040 |aCaOODSP|bfre|erda|cCaOODSP
043 |an-cn---
0861 |aIu71-4/110-2024F-PDF
24500|aInnovation verte à l'OPIC : |bfavoriser les technologies vertes grâce à la propriété intellectuelle, naviguer dans l'écosystème de l'innovation.
24610|aFavoriser les technologies vertes grâce à la propriété intellectuelle, naviguer dans l'écosystème de l'innovation
264 1|aGatineau (Québec) : |bOffice de la propriété intellectuelle du Canada = Canadian Intellectual Property Office, |c[2024]
264 4|c©2024
300 |a1 ressource en ligne (22 pages) : |billustrations, cartes, graphiques
336 |atexte|btxt|2rdacontent/fre
337 |ainformatique|bc|2rdamedia/fre
338 |aressource en ligne|bcr|2rdacarrier/fre
500 |aTitre de la couverture.
500 |aPublié aussi en anglais sous le titre : CIPO : green innovation : enabling green technology through intellectual property, navigating the innovation ecosystem.
504 |aComprend des références bibliographiques (page 22).
520 |a« Le Canada a déployé des efforts considérables afin de lutter contre les changements climatiques depuis qu'il a signé l'Accord de Paris en 2015. Le pays a mis en Ĺ“uvre des mesures visant à réduire la pollution et à atteindre une économie carboneutre d'ici 2050. La gestion de la PI est de plus en plus cruciale pour les programmes de durabilité et d'innovation du Canada » -- Résumé, page 4.
530 |aÉgalement publié en version imprimée.
61026|aOffice de la propriété intellectuelle du Canada.
650 6|aTechnologie de protection de l'environnement|zCanada|xBrevets d'invention.
650 6|aPropriété intellectuelle|xPolitique gouvernementale|zCanada.
7102 |aOffice de la propriété intellectuelle du Canada, |eorganisme de publication.
77508|tCIPO : |w(CaOODSP)9.939169
7760#|tOPIC : |w(CaOODSP)9.939172
85640|qPDF|s2.93 Mo|uhttps://publications.gc.ca/collections/collection_2024/opic-cipo/Iu71-4-110-2024-fra.pdf
8564 |qHTML|sS.O.|uhttps://ised-isde.canada.ca/site/office-propriete-intellectuelle-canada/fr/innovation-verte-lopic